[Event "FRA-chT3 1718"]
[Site "France"]
[Date "2017.12.03"]
[Round "3"]
[White "Renard, Stephane"]
[Black "Senechal, Vincent"]
[Result "1-0"]
[WhiteElo "1954"]
[BlackElo "1838"]
[PlyCount "69"]
[EventDate "2017.12.03"]
[EventType "team-tourn"]
[EventRounds "9"]
[EventCountry "FRA"]
[SourceTitle "EXT 2020"]
[Source "ChessBase"]
[SourceDate "2019.10.17"]
[SourceVersion "1"]
[SourceVersionDate "2019.10.17"]
[SourceQuality "1"]

1. f4 b6 2. Nf3 Bb7 3. e3 e6 4. d4 Nf6 5. Bd3 c5 6. 0-0 Na6 7. c3 Nc7 8. Qe2 Ne4 9. Nbd2 f5 10. Ne5 g6 11. Ndf3 Bg7 12. Bxe4 fxe4 13. Ng5 0-0 14. Qg4 Qe7 15. Nxh7 Kxh7 16. Nxg6 Qf6 17. Nxf8+ Rxf8 18. dxc5 Nd5 19. cxb6 axb6 20. a4 Ba6 21. Rf2 Bd3 22. a5 b5 23. a6 Qf5 24. Qh4+ Kg8 25. g4 Qg6 26. Qg3 b4 27. a7 Ra8 28. Bd2 bxc3 29. bxc3 Nxc3 30. f5 Qe8 31. Bxc3 Bxc3 32. f6 Kf7 33. Rc1 Ba5 34. Qe5 Rxa7 35. Qh5+ 1-0